The quantitative approach to managerial decisions / (Record no. 137179)
[ view plain ]
| 000 -LEADER | |
|---|---|
| fixed length control field | 00760cam a22002411 4500 |
| 001 - CONTROL NUMBER | |
| control field | 754680 |
| 003 - CONTROL NUMBER IDENTIFIER | |
| control field | BD-DhUL |
| 005 - DATE AND TIME OF LATEST TRANSACTION | |
| control field | 20161218161121.0 |
| 008 - FIXED-LENGTH DATA ELEMENTS--GENERAL INFORMATION | |
| fixed length control field | 740514s1967 njua b 000 0 eng |
| 010 ## - LIBRARY OF CONGRESS CONTROL NUMBER | |
| LC control number | 67010685 |
| 040 ## - CATALOGING SOURCE | |
| Original cataloging agency | DLC |
| Transcribing agency | BD-DhUL |
| Modifying agency | DLC |
| 050 00 - LIBRARY OF CONGRESS CALL NUMBER | |
| Classification number | HD38 |
| Item number | .H4 |
| 082 00 - DEWEY DECIMAL CLASSIFICATION NUMBER | |
| Classification number | 658 |
| Item number | HEQ |
| 100 1# - MAIN ENTRY--PERSONAL NAME | |
| Personal name | Hein, Leonard W. |
| 245 14 - TITLE STATEMENT | |
| Title | The quantitative approach to managerial decisions / |
| Statement of responsibility, etc. | [by] Leonard W. Hein. |
| 260 ## - PUBLICATION, DISTRIBUTION, ETC. (IMPRINT) | |
| Place of publication, distribution, etc. | Englewood Cliffs, N.J.: |
| Name of publisher, distributor, etc. | Prentice-Hall, |
| Date of publication, distribution, etc. | c1966. |
| 300 ## - PHYSICAL DESCRIPTION | |
| Extent | xxv, 386 p. |
| Other physical details | illus. |
| Dimensions | 24 cm. |
| 504 ## - BIBLIOGRAPHY, ETC. NOTE | |
| Bibliography, etc | Includes bibliographies. |
| 650 #0 - SUBJECT ADDED ENTRY--TOPICAL TERM | |
| Topical term or geographic name as entry element | Industrial management |
| General subdivision | Mathematical models. |
| 650 #0 - SUBJECT ADDED ENTRY--TOPICAL TERM | |
| Topical term or geographic name as entry element | Decision making |
| General subdivision | Mathematical models. |
| 906 ## - LOCAL DATA ELEMENT F, LDF (RLIN) | |
| a | 7 |
| b | cbc |
| c | orignew |
| d | u |
| e | ocip |
| f | 19 |
| g | y-gencatlg |
| 942 ## - ADDED ENTRY ELEMENTS (KOHA) | |
| Source of classification or shelving scheme | |
| Koha item type | Books |
| Price effective from | Date last seen | Permanent Location | Not for loan | Date acquired | Source of classification or shelving scheme | Koha item type | Collection code | Barcode | Shelving location | Lost status | Damaged status | Withdrawn status | Current Location | Full call number |
|---|---|---|---|---|---|---|---|---|---|---|---|---|---|---|
| 2016-12-18 | 2016-12-18 | Dhaka University Library | 2016-12-18 | Books | Non Fiction | A257464 | General Stacks | Dhaka University Library | 658 HEQ | |||||
| 2016-12-18 | 2016-12-18 | Dhaka University Library | 2016-12-18 | Books | Non Fiction | A181919 | General Stacks | Dhaka University Library | 658 HEQ | |||||
| 2016-12-18 | 2016-12-18 | Dhaka University Library | 2016-12-18 | Books | Non Fiction | A257465 | General Stacks | Dhaka University Library | 658 HEQ | |||||
| 2016-12-18 | 2016-12-18 | Dhaka University Library | 2016-12-18 | Books | Non Fiction | A181920 | General Stacks | Dhaka University Library | 658 HEQ | |||||
| 2016-12-18 | 2016-12-18 | Dhaka University Library | 2016-12-18 | Books | A257466 | Dhaka University Library | 658 HEQ |
